| 000 | 00426nam a2200145Ia 4500 | ||
|---|---|---|---|
| 008 | 230312s9999||||xx |||||||||||||| ||und|| | ||
| 020 | _a9781111726256 | ||
| 082 |
_a153.152 _bALL-S |
||
| 100 | _aAlbright,Christian,S | ||
| 245 | 0 | _aVBA for modelers : developing decision support systems with Microsoft Excel | |
| 260 |
_bCengage _aUSA _c2012 |
||
| 300 | _a259 | ||
| 650 |
_aAnimal psychology _vLaboratoty animals |
||
| 942 | _cBK | ||
| 999 |
_c18030 _d18030 |
||